The Clues are in German #8 - Statistics

General Stats
  • This quiz has been taken 63 times
  • The average score is 11 of 16
Answer Stats
Hint Answer % Correct
Rivalin von Cambridge und älteste englische Universität Oxford
96%
Boxweltmeister, der als Cassius Clay geboren wurde Muhammad Ali
93%
Welche Stadt beherbergt das Brandenburger Tor und den Reichstag? Berlin
89%
Auf der Flagge welchen früheren Landes waren bis 1991 Hammer und Sichel zu sehen? Sowjetunion
88%
Welcher Mensch betrat 1969 als erster den Mond? Neil Armstrong
79%
Welches Antibiotikum entdeckte Alexander Fleming? Penicillin
79%
Welcher Kraftstoff heißt in England "petroleum"? Benzin
77%
Italienischer Klempner, der gegen Koopas kämpft und dessen Bruder Luigi heißt Super Mario
77%
Dieser grüne Jedi-Meister weise ist. Eine ungewöhnliche Syntax er verwendet. Yoda
77%
Was ist die größte Stadt Brasiliens? São Paulo
75%
Wen bewacht die Schweizer Garde? den Papst
65%
Sammelbegriff für indigene Völker Australiens Aborigines
61%
Wer baute eine Arche, um sich und seine Familie vor der Flut zu retten? Noah
53%
Welche Waffe wurde im Rahmen des Manhattan-Projekts entwickelt? Atombombe
51%
Wie lauten die ersten fünf Ziffern von Pi? 3,1415
42%
In welchem Roman von Fjodor Dostojewski geht es um den Mörder Raskolnikow? Verbrechen und Strafe
42%
No matching quizzes found
Score Distribution
Percent of People with Each Score
Percentile by Number Answered
Your Score History
You have not taken this quiz